| 000 | 00366nam a2200121Ia 4500 | ||
|---|---|---|---|
| 008 | 160712s9999 xx 000 0 und d | ||
| 100 | _aJosef, Jennifer C. | ||
| 245 |
_cJennifer C. Josef _aStuff [Book review] |
||
| 260 |
_c2011 _bAsian Studies |
||
| 300 | _avol. 47 | ||
| 650 | _xASIAN STUDIES | ||
| 856 | _uhttp://www.asj.upd.edu.ph/index.php/archive/157-vol-47-2011 | ||
| 999 |
_c297540 _d297540 |
||